书目信息 |
| 题名: |
土壤学
|
|
| 作者: | 王果 主编 | |
| 分册: | ||
| 出版信息: | 北京 高等教育出版社 2020.12 |
|
| 页数: | 344页 | |
| 开本: | 26cm | |
| 丛书名: | ||
| 单 册: | ||
| 中图分类: | S15 | |
| 科图分类: | ||
| 主题词: | 土壤学 | |
| 电子资源: | ||
| ISBN: | 978-7-04-027280-2 | |
| 000 | 00783nam0 2200241 45 | |
| 001 | 012001000120 | |
| 005 | 20221010163458.08 | |
| 010 | @a978-7-04-027280-2@dCNY26.30 | |
| 100 | @a20100511d2009 em y0chiy50 ea | |
| 101 | 0 | @achi |
| 102 | @aCN@b110000 | |
| 105 | @aa z 000yy | |
| 200 | 1 | @a土壤学@Atu rang xue@b专著@dAgrology@f王果主编@zeng |
| 210 | @a北京@c高等教育出版社@d2020.12 | |
| 215 | @a344页@c图@d26cm | |
| 300 | @a并列题名:Agrology | |
| 330 | @a本书共12章,内容包括:绪论、地学基础、土壤形成和发育、土壤固相组成、土壤物理性质、土壤化学性质、土壤生物、土壤养分、土壤分类与分布等。 | |
| 510 | 1 | @aAgrology@zeng |
| 606 | 0 | @a土壤学 |
| 690 | @aS15@v4 | |
| 701 | 0 | @a王果@Awang guo@f(1957~)@4主编 |
| 801 | 0 | @aCN@bBJSDL@c20211011 |
| 905 | @b1330452-5@dS15@e141@f4 | |
| 土壤学=Agrology/王果主编.-北京:高等教育出版社,2020.12 |
| 344页:图;26cm |
| 并列题名:Agrology |
| ISBN 978-7-04-027280-2:CNY26.30 |
| 本书共12章,内容包括:绪论、地学基础、土壤形成和发育、土壤固相组成、土壤物理性质、土壤化学性质、土壤生物、土壤养分、土壤分类与分布等。 |
| ● |
| 相关链接 |
|
|
|
|
正题名:土壤学
索取号:S15/141
 
预约/预借
| 序号 | 登录号 | 条形码 | 馆藏地/架位号 | 状态 | 备注 |
| 1 | 1330452 | 213304529 | 第二样本阅览室/ [索取号:S15/141] | 在馆 | |
| 2 | 1330453 | 213304538 | 第三借阅区/ [索取号:S15/141] | 在馆 | |
| 3 | 1330454 | 213304547 | 第三借阅区/ [索取号:S15/141] | 在馆 | |
| 4 | 1330455 | 213304556 | 第三借阅区/ [索取号:S15/141] | 在馆 |